<?xml version="1.0" encoding="UTF-8"?>
<record
    xmlns:xsi="http://www.w3.org/2001/XMLSchema-instance"
    xsi:schemaLocation="http://www.loc.gov/MARC21/slim http://www.loc.gov/standards/marcxml/schema/MARC21slim.xsd"
    xmlns="http://www.loc.gov/MARC21/slim">

  <leader>00636nam a2200193 u 4500</leader>
  <datafield tag="999" ind1=" " ind2=" ">
    <subfield code="c">7866</subfield>
    <subfield code="d">7866</subfield>
  </datafield>
  <controlfield tag="001">991061097876006706</controlfield>
  <controlfield tag="003">OSt</controlfield>
  <controlfield tag="005">20240221114500.0</controlfield>
  <controlfield tag="008">      s2021    xx      r     000 0 cat d</controlfield>
  <datafield tag="020" ind1=" " ind2=" ">
    <subfield code="a">9788412740394</subfield>
  </datafield>
  <datafield tag="040" ind1=" " ind2=" ">
    <subfield code="a">CDMR</subfield>
    <subfield code="b">cat</subfield>
    <subfield code="c">CDMR</subfield>
  </datafield>
  <datafield tag="100" ind1=" " ind2=" ">
    <subfield code="a">Dickens, Charles</subfield>
    <subfield code="9">4936</subfield>
  </datafield>
  <datafield tag="245" ind1=" " ind2=" ">
    <subfield code="a">Pasiones p&#xFA;blicas, emociones privadas </subfield>
    <subfield code="b">: escritos period&#xED;sticos </subfield>
    <subfield code="c">/ Charles Dickens; edici&#xF3;n y traducci&#xF3;n de Dolores Pay&#xE1;s</subfield>
  </datafield>
  <datafield tag="260" ind1=" " ind2=" ">
    <subfield code="a">Barcelona </subfield>
    <subfield code="b">: Gatopardo Ediciones</subfield>
    <subfield code="c">, 2024</subfield>
  </datafield>
  <datafield tag="300" ind1=" " ind2=" ">
    <subfield code="a">416 p&#xE0;gines</subfield>
  </datafield>
  <datafield tag="600" ind1=" " ind2="0">
    <subfield code="9">4936</subfield>
    <subfield code="a">Dickens, Charles</subfield>
    <subfield code="x">Reculls d'escrits</subfield>
  </datafield>
  <datafield tag="700" ind1=" " ind2=" ">
    <subfield code="9">4937</subfield>
    <subfield code="a">Pay&#xE1;s, Dolores</subfield>
  </datafield>
  <datafield tag="942" ind1=" " ind2=" ">
    <subfield code="2">udc</subfield>
    <subfield code="c">MON</subfield>
  </datafield>
  <datafield tag="952" ind1=" " ind2=" ">
    <subfield code="0">0</subfield>
    <subfield code="1">0</subfield>
    <subfield code="4">0</subfield>
    <subfield code="7">0</subfield>
    <subfield code="a">CDMR</subfield>
    <subfield code="b">CDMR</subfield>
    <subfield code="d">2024-02-21</subfield>
    <subfield code="e">Donaci&#xF3;</subfield>
    <subfield code="g">24.50</subfield>
    <subfield code="l">1</subfield>
    <subfield code="o">Am /105</subfield>
    <subfield code="p">CDMR24020012</subfield>
    <subfield code="r">2024-04-03</subfield>
    <subfield code="s">2024-02-28</subfield>
    <subfield code="w">2024-02-21</subfield>
    <subfield code="y">MON</subfield>
  </datafield>
</record>
